| 000 | 00541nam a22001817a 4500 | ||
|---|---|---|---|
| 003 | OSt | ||
| 005 | 20251117083538.0 | ||
| 008 | 251117b |||||||| |||| 00| 0 eng d | ||
| 020 | _a978-1-4391-0293-0 | ||
| 040 |
_aDWCL - Main Lib _cOC |
||
| 082 | _aF W649s 2008 | ||
| 100 | _aWeisberger, Lauren | ||
| 245 |
_aChasing Harry Winston / _cLauren Weisberger |
||
| 260 |
_aNew York, NY ; _bPocket Books, A Division of Simon & Schuster, Inc., _cc2008. |
||
| 300 |
_a390 pages ; _c17cm. |
||
| 650 | _a1. Fiction - Novel | ||
| 942 |
_2ddc _cFIC. _mF _n0 |
||
| 999 |
_c5686 _d5686 |
||